| 000 -CABECERA |
| campo de control de longitud fija |
01271nam a2200301 u 4500 |
| 001 - NÚMERO DE CONTROL |
| campo de control |
000056060 |
| 005 - FECHA Y HORA DE LA ÚLTIMA TRANSACCIÓN |
| campo de control |
20200120223217.0 |
| 008 - DATOS DE LONGITUD FIJA--INFORMACIÓN GENERAL |
| campo de control de longitud fija |
130612s1989 ck gr 000 0 spa d |
| 020 ## - NÚMERO INTERNACIONAL ESTÁNDAR DEL LIBRO |
| Número Internacional Estándar del Libro |
9586430499 (v. 1 tapa dura). |
| 020 ## - NÚMERO INTERNACIONAL ESTÁNDAR DEL LIBRO |
| Número Internacional Estándar del Libro |
9586430936 (v. 2 tapa dura). |
| 041 0# - CÓDIGO DE LENGUA |
| Código de lengua del texto/banda sonora o título independiente |
spa |
| 043 ## - CÓDIGO DE ÁREA GEOGRÁFICA |
| Código de área geográfica |
s-ck--- |
| 082 04 - NÚMERO DE LA CLASIFICACIÓN DECIMAL DEWEY |
| Número de clasificación |
986.104 |
| Número de documento/Ítem |
E42 |
| Número de edición |
21 |
| 245 04 - MENCIÓN DE TÍTULO |
| Título |
Los ejercitos del rey / |
| Mención de responsabilidad, etc. |
compilación y prólogo fray Alberto Lee López. |
| 250 ## - MENCIÓN DE EDICIÓN |
| Mención de edición |
1a. ed. |
| 260 ## - PUBLICACIÓN, DISTRIBUCIÓN, ETC. |
| Lugar de publicación, distribución, etc. |
Bogotá : |
| Nombre del editor, distribuidor, etc. |
Fundación Francisco de Paula Santander, |
| Fecha de publicación, distribución, etc. |
1989. |
| 300 ## - DESCRIPCIÓN FÍSICA |
| Extensión |
2 v. |
| 490 0# - MENCIÓN DE SERIE |
| Mención de serie |
Biblioteca de la Presidencia de la República. |
| -- |
Administración Virgilio Barco |
| 490 0# - MENCIÓN DE SERIE |
| Mención de serie |
Colección documentos |
| Designación de volumen o secuencia |
no. 16, 17 |
| 500 ## - NOTA GENERAL |
| Nota general |
Fundación para la conmemoración del bicentenario del natalicio y el sesquicentenario de la muerte del general Francisco de Paula Santander. |
| 504 ## - NOTA DE BIBLIOGRAFÍA, ETC. |
| Nota de bibliografía, etc. |
Incluye bibliografía e índice. |
| 505 ## - NOTA DE CONTENIDO CON FORMATO |
| Información miscelánea |
v.1 : |
| Título |
1818-1819. -- |
| Información miscelánea |
v.2 : |
| Título |
1819. -- |
| 600 17 - PUNTO DE ACCESO ADICIONAL DE MATERIA--NOMBRE DE PERSONA |
| Nombre de persona |
Santander, Francisco de Paula, |
| Fechas asociadas al nombre |
1792-1840 |
| Subdivisión cronológica |
Campaña libertadora, 1810-1824. |
| Subdivisión general |
Pensamiento |
| 650 17 - PUNTO DE ACCESO ADICIONAL DE MATERIA--TÉRMINO DE MATERIA |
| Término de materia o nombre geográfico como elemento de entrada |
Mediación internacional |
| Subdivisión cronológica |
1982-1986 |
| Subdivisión geográfica |
Colombia |
| Fuente del encabezamiento o término |
LEMB. |
| 651 17 - PUNTO DE ACCESO ADICIONAL DE MATERIA--NOMBRE GEOGRÁFICO |
| Nombre geográfico |
Colombia |
| Subdivisión general |
Historia |
| Subdivisión de forma |
Fuentes. |
| 651 17 - PUNTO DE ACCESO ADICIONAL DE MATERIA--NOMBRE GEOGRÁFICO |
| Nombre geográfico |
Colombia |
| Subdivisión general |
Historia |
| Subdivisión cronológica |
Campaña libertadora, 1818-1819. |
| 700 1# - PUNTO DE ACCESO ADICIONAL--NOMBRE DE PERSONA |
| Nombre de persona |
Lee López, Alberto, Fray. |